000 00698nam a2200229Ia 4500
003 OSt
005 20230524151238.0
008 210423s2014 xx 000 0 und d
020 _a978-81-7482-055-6
040 _cAL
041 _aeng
082 _a032.02 JAIU
_223
100 _aLAL;JAIN;VASHISTHA (K C)
_9112685
245 _aUpkars UGC NET/JRF/SET teaching and research aptitude: general paper I
260 _aNew Delhi
_bUpkar prakashan
_c2014
300 _axv,108,36
_bPB
365 _b280
_cINR
650 _aGeneral
_9112686
650 _aGeneral Knowledge
_9112687
906 _aaptitude: ; general ; I. ; NET/JRF/SET ; paper ; research ; teaching ; UGC ; Upkars
942 _2ddc
_cBK
999 _c165442
_d165442